书目信息 |
| 题名: |
该接轨时就接轨
|
|
| 作者: | 韩玉军 著 | |
| 分册: | ||
| 出版信息: | 北京 中华工商联合出版社 2000.09 |
|
| 页数: | 225页 | |
| 开本: | 32开 | |
| 丛书名: | 市场经济尖锐话题丛书 | |
| 单 册: | ||
| 中图分类: | F279.24 | |
| 科图分类: | ||
| 主题词: | 经济一体化--作用--国有企业--经济发展--中国 , 企业经济 | |
| 电子资源: | ||
| ISBN: | 7-80100-687-9 | |
| 000 | 00812nam0 2200253 45 | |
| 001 | 0103090802 | |
| 005 | 20031219104053.2 | |
| 010 | @a7-80100-687-9@dCNY14.00 | |
| 100 | @a20010309d2000 km y0chiy0120 ea | |
| 101 | 0 | @achi |
| 105 | @a z 000yy | |
| 200 | 1 | @a该接轨时就接轨@AGai Jie Gui Shi Jiu Jie Gui@EChan Quan Yu Ren Ge@f韩玉军等著@FHan Yu Jun Deng Zhu |
| 210 | @a北京@c中华工商联合出版社@d2000.09 | |
| 215 | @a225页@d32开 | |
| 225 | @a市场经济尖锐话题丛书@f刘伟主编 | |
| 410 | @12001 @a市场经济尖锐话题丛书 | |
| 410 | @1700 0@a刘伟@ALiu Wei@4主编 | |
| 517 | @a产权与人格@AChan Quan Yu Ren Ge | |
| 606 | 0 | @a经济一体化@x作用@x国有企业@x经济发展@y中国 |
| 606 | 0 | @a企业经济 |
| 690 | @aF279.24@v4 | |
| 701 | 0 | @a韩玉军@4著 |
| 801 | @aCN@bTSTC@c20020127 | |
| 905 | @b305832-836@dF279.24@e105@f5 | |
| 该接轨时就接轨/韩玉军等著.-北京:中华工商联合出版社,2000.09 |
| 225页;32开.-(市场经济尖锐话题丛书/刘伟主编) |
| ISBN 7-80100-687-9:CNY14.00 |
| ● |
| 相关链接 |
|
|
|
|
正题名:该接轨时就接轨
索取号:F279.24/105
 
预约/预借
| 序号 | 登录号 | 条形码 | 馆藏地/架位号 | 状态 | 备注 |
| 1 | 0305832 | 203058323 | 第一借阅区/ [索取号:F279.24/105] | 在馆 | |
| 2 | 0305833 | 203058332 | 第一借阅区/ [索取号:F279.24/105] | 在馆 | |
| 3 | 0305834 | 203058341 | 第一借阅区/ [索取号:F279.24/105] | 在馆 | |
| 4 | 0305835 | 203058350 | 第一借阅区/ [索取号:F279.24/105] | 在馆 | |
| 5 | 0305836 | 203058369 | 第一借阅区/ [索取号:F279.24/105] | 在馆 |